[Event "HCL-C4158"]
[Site "www.playchess.de"]
[Date "2006.03.18"]
[Round "8"]
[White "Veltliner"]
[Black "Opps"]
[WhiteElo "800"]
[BlackElo "1053"]
[PlyCount "71"]
[Result "1-0"]

1.e3 e5 2.Nc3 Nf6 3.d3 d5 4.Nge2 Nc6 5.a3 Bg4 6.f3 
Be6 7.Ng3 Bc5 8.b4 Bb6 9.Na4 d4 10.Nxb6 axb6 11.e4 
Nxb4 12.Bd2 Nc6 13.c4 O-O 14.Bb4 Re8 15.Be2 Qd7 
16.O-O Ra6 17.Rc1 Na7 18.Qb3 c5 19.Bd2 b5 20.Bg5 
h6 21.Bxf6 gxf6 22.f4 Nc6 23.f5 bxc4 24.dxc4 Na5 
25.Qf3 Bxc4 26.Bxc4 Ra7 27.Nh5 b5 28.Nxf6+ Kf8 
29.Nxd7+ Ke7 30.Bxb5 Rb7 31.f6+ Kd8 32.Rxc5 Rc7 
33.Rxc7 Kxc7 34.Rc1+ Kd6 35.Qf5 Rb8 
36.Qxe5+ 1-0

[Event "HCL-A2622"]
[Site "www.playchess.de"]
[Date "2006.03.18"]
[Round "9"]
[White "victorabiodun03"]
[Black "Akkarin"]
[WhiteElo "1596"]
[BlackElo "1375"]
[PlyCount "90"]
[Result "0-1"]

1.f4 d5 2.Nf3 Nc6 3.d4 e6 4.e3 Nf6 5.c3 Be7 6.Bd3 
O-O 7.O-O b6 8.Nbd2 Bb7 9.Ne5 Nxe5 10.fxe5 Ne4 
11.Qg4 f5 12.exf6 Rxf6 13.Rxf6 Nxf6 14.Qxe6+ Kh8 
15.Nf3 Bc8 16.Qe5 Bd6 17.Qg5 Qe7 18.Bd2 Be6 19.Re1 
Re8 20.Ne5 Bxe5 21.dxe5 Ne4 22.Qxe7 Rxe7 23.Bxe4 
dxe4 24.Rf1 Kg8 25.b3 Bd7 {(offering draw)}  26.c4 
Rxe5 27.Bb4 c5 28.Bc3 Re7 29.Rd1 Kf7 30.Rd5 g6 
31.Re5 a6 32.Rxe4 Rxe4 33.Kf2 {oh my 
god
}  Re8 {I'm sorry.}  34.Kf3 Bf5 35.h3 Be4+ 36.Kf4 
Bxg2 37.h4 Be4 38.a3 Bc2 39.b4 Bd3 40.bxc5 bxc5 
41.Be5 Bxc4 42.Bd6 Rc8 43.e4 Be6 44.e5 c4 45.Ke4 
c3 0-1

[Event "HCL-A2646"]
[Site "www.playchess.de"]
[Date "2006.03.18"]
[Round "1"]
[White "gordi"]
[Black "Josef1901"]
[WhiteElo "1267"]
[BlackElo "1571"]
[PlyCount "35"]
[Result "1-0"]

1.e4 {Hi}  c5 {hi}  2.Nf3 d6 3.h3 Nc6 4.Bc4 Nf6 
5.Nc3 e6 6.O-O Be7 7.Re1 O-O 8.d4 cxd4 9.Nxd4 Nxd4 
10.Qxd4 a6 11.Qe3 b5 12.Bd3 Bb7 13.b4 Qc7 14.Ne2 
Rac8 15.Bb2 d5 16.e5 Nd7 17.a3 Nc5 
18.bxc5 1-0

[Event "HCL-C4079"]
[Site "www.playchess.de"]
[Date "2006.03.18"]
[Round "16"]
[White "Mlodzinsky"]
[Black "Kelthek"]
[WhiteElo "1071"]
[BlackElo "612"]
[PlyCount "81"]
[Result "1-0"]

1.e4 {Hello, have a nice game}  e5 2.Nf3 Nf6 3.d3 
Bb4+ 4.c3 Bc5 5.Nxe5 O-O 6.c4 Bb4+ 7.Bd2 Nc6 
8.Nxc6 dxc6 9.Bxb4 Bg4 10.f3 Be6 11.Bxf8 Qxf8 
12.Qd2 Qd6 13.b4 Qd4 14.Nc3 Rd8 15.Rd1 c5 16.b5 b6 
17.a4 a5 18.bxa6 Bd7 19.Nb5 Bxb5 20.axb5 h6 21.Be2 
Qe5 22.O-O Nh5 23.f4 Qd4+ 24.Kh1 g6 25.f5 g5 
26.Bxh5 f6 27.Bf3 Qe5 28.g3 Qe7 29.Be2 Qh7 30.Rda1 
Ra8 31.g4 Qd7 32.Rfe1 c6 33.Bf3 cxb5 34.cxb5 Qxb5 
35.e5 Rxa6 36.Rxa6 Qxa6 37.exf6 b5 38.Qe3 Qxf6 
39.Qxc5 Qa6 40.Re8+ Kf7 41.Qe7+ 1-0

[Event "HCL-C4212"]
[Site "www.playchess.de"]
[Date "2006.03.18"]
[Round "2"]
[White "nilsi"]
[Black "alexberk78"]
[WhiteElo "800"]
[BlackElo "1000"]
[PlyCount "52"]
[Result "0-1"]

1.e4 {Hello and good luck}  e5 2.Nf3 Nc6 {hi. good 
luck to you too}  3.Nc3 Nf6 4.Bc4 h6 5.O-O Nd4 
6.Nxd4 exd4 7.Ne2 Bc5 8.c3 dxc3 9.Nxc3 Qe7 10.b3 
Nxe4 11.Re1 f5 12.Qh5+ Kd8 13.Qxf5 Bxf2+ 14.Kf1 
Bxe1 15.Kxe1 Nxc3+ 16.Kf2 Rf8 17.g4 Rxf5+ 18.gxf5 
b5 19.dxc3 bxc4 20.b4 Qh4+ 21.Kg2 Bb7+ 22.Kg1 Qg4+ 
23.Kf1 Qxf5+ 24.Kg1 Qd3 25.Bb2 Qd2 26.Rb1 
Qg2+ 0-1

[Event "HCL-C4079"]
[Site "www.playchess.de"]
[Date "2006.03.18"]
[Round "15"]
[White "Kelthek"]
[Black "Mlodzinsky"]
[WhiteElo "612"]
[BlackElo "1071"]
[PlyCount "84"]
[Result "0-1"]

1.e4 {Hello and good luck!}  e5 2.Nf3 d6 3.Bb5+ c6 
4.Bc4 b5 5.Bb3 c5 6.c3 c4 7.Bc2 Nf6 8.d4 cxd3 
9.Bxd3 a6 10.Qb3 h6 11.Be3 Be6 12.Qb4 d5 13.Bc5 
Bxc5 14.Qxc5 Nbd7 15.Qe3 O-O 16.O-O Rb8 17.Nh4 Ng4 
18.Qg3 Nc5 19.Be2 Nxe4 20.Qf3 Qxh4 21.h3 Ngxf2 
22.Rxf2 Nxf2 23.Qxf2 Qxf2+ 24.Kxf2 e4 25.Nd2 a5 
26.b4 a4 27.a3 f5 28.g4 fxg4+ 29.Kg3 gxh3 30.Rh1 
g5 31.Nf1 g4 32.Ne3 h5 33.Kh4 Rf2 34.Bd1 Rbf8 
35.Kxh5 g3 36.Bg4 Bf7+ 37.Kh6 g2 38.Rg1 h2 39.Rxg2 
h1Q+ 40.Bh3+ Rxg2 41.Nxg2 Qxh3+ 42.Kg5 
Qxg2+ 0-1

[Event "HCL-C4199"]
[Site "www.playchess.de"]
[Date "2006.03.18"]
[Round "9"]
[White "Mercator"]
[Black "Azimut"]
[WhiteElo "1099"]
[BlackElo "1506"]
[PlyCount "68"]
[Result "0-1"]

1.d4 {Good luck}  e6 {Good luck to you too my 
friend.}  2.c4 b6 3.Nf3 g6 4.e4 d6 5.Nc3 Bg7 6.Be2 
Ne7 7.O-O Bb7 8.Be3 Nd7 9.Qd2 h6 10.d5 e5 11.Rac1 
a6 12.a3 g5 13.Ne1 Ng6 14.b4 Bf6 15.Na4 Rg8 16.b5 
a5 17.g3 Qe7 18.Nd3 Qf8 19.Nc3 Qg7 20.Nb2 Nf4 
21.Kh1 Nxe2 22.Nxe2 Nf8 23.Rfg1 Ng6 24.f4 exf4 
25.gxf4 Bxb2 26.Rcb1 Bxa3 27.fxg5 Bb4 28.gxh6 Bxd2 
29.hxg7 Bxe3 30.Rg3 Bc5 31.Nc3 Rxg7 32.Re1 Bf2 
33.Re2 Bxg3 34.hxg3 O-O-O 0-1

[Event "HCL-A2601"]
[Site "www.playchess.de"]
[Date "2006.03.18"]
[Round "5"]
[White "Torenvalk"]
[Black "dynamike"]
[WhiteElo "1555"]
[BlackElo "1462"]
[PlyCount "56"]
[Result "0-1"]

1.c4 {Hello and good luck.}  Nf6 2.Nf3 g6 3.Nc3 d5 
4.cxd5 Nxd5 5.g3 Bg7 6.Bg2 O-O 7.O-O e6 8.d4 Re8 
9.e3 c6 10.Bd2 Nd7 11.Rc1 b6 12.h4 c5 13.e4 Nxc3 
14.bxc3 Nf6 15.e5 Nd5 16.c4 Nc7 17.Ng5 Rb8 18.Qf3 
f6 19.Nxe6 Nxe6 20.exf6 Bxf6 21.d5 Nd4 22.Qa3 Ne2+ 
23.Kh2 Nxc1 24.Bxc1 Qc7 25.Bf4 Be5 26.Bh6 Qe7 
27.f4 Bd6 28.Qc3 Rb7 0-1

[Event "HCL-A2543"]
[Site "www.playchess.de"]
[Date "2006.03.18"]
[Round "27"]
[White "hal1958"]
[Black "Marius_sah"]
[WhiteElo "1483"]
[BlackElo "1501"]
[PlyCount "120"]
[Result "0-1"]

1.b4 {have a nice game}  e5 {Hi. Good luck!}  
2.Bb2 d6 3.e3 g6 4.Nf3 Bg7 5.c4 Nf6 6.a4 O-O 7.b5 
b6 8.Be2 Bb7 9.O-O Nbd7 10.d3 Nc5 11.Nbd2 a5 12.d4 
exd4 13.exd4 Nce4 14.d5 Re8 15.Bd3 Nc5 16.Bc2 Bc8 
17.h3 Bd7 18.Re1 Rxe1+ 19.Qxe1 Qe8 20.Kf1 Qf8 
21.Kg1 Re8 22.Qf1 Re7 23.Re1 Qe8 24.Rxe7 Qxe7 
25.Qe1 Qxe1+ 26.Nxe1 Ne8 27.Bxg7 Nxg7 28.g4 f5 
29.f3 Kf7 30.Kf2 Kf6 31.Ke3 Kg5 32.Ng2 Kf6 33.Nb1 
g5 34.Nc3 f4+ 35.Ke2 h6 36.Ne4+ Nxe4 37.Bxe4 Ke5 
38.Kd3 Ne8 39.h4 Nf6 40.Bg6 Bc8 41.hxg5 hxg5 
42.Ne1 Nxg4 43.fxg4 Bxg4 44.Be4 Bf5 45.Bxf5 Kxf5 
46.Nf3 g4 47.Nd4+ Kg5 48.Ne6+ Kf5 49.Nxc7 g3 
50.Ke2 Kg4 51.Ne8 f3+ 52.Kf1 Kh3 53.Nxd6 Kh2 
54.Ne4 g2+ 55.Kf2 g1Q+ 56.Kxf3 Qd1+ 57.Kf4 Qxa4 
58.Nd2 Qc2 59.Ke3 Qc3+ 60.Ke2 a4 0-1

[Event "ACL-M084"]
[Site "www.playchess.de"]
[Date "2006.03.18"]
[Round "2"]
[White "ETC_Chess"]
[Black "bluecat"]
[WhiteElo "1956"]
[BlackElo "2111"]
[PlyCount "58"]
[Result "0-1"]

1.c4 {Hello again and good luck!}  e5 {Hello and 
Good Luck to you also!}  2.g3 Nf6 3.Bg2 d5 4.cxd5 
Nxd5 5.Nc3 Nb6 6.Nf3 Nc6 7.d3 Be7 8.O-O O-O 9.a4 
a5 10.Be3 Be6 11.d4 exd4 12.Nxd4 Nxd4 13.Qxd4 Qxd4 
14.Bxd4 c5 15.Be5 Nc4 16.Bf4 Rad8 17.Bxb7 g5 
18.Bc1 Nd2 19.Re1 c4 20.Rd1 Nb3 21.Rxd8 Rxd8 
22.Rb1 Rb8 23.Bd5 Nxc1 24.Rxc1 Rxb2 25.Kf1 h5 
26.Bxe6 fxe6 27.Ne4 Rb4 28.Nd2 Rxa4 29.Nxc4 
Ra2 0-1

[Event "HCL-A2527"]
[Site "www.playchess.de"]
[Date "2006.03.18"]
[Round "15"]
[White "taroak"]
[Black "asskicker"]
[WhiteElo "1458"]
[BlackElo "1643"]
[PlyCount "69"]
[Result "1-0"]

1.e4 c5 2.Nf3 Nc6 3.d4 cxd4 4.Nxd4 Qb6 5.Nb3 e6 
6.Nc3 Nf6 7.Be3 Qc7 8.Be2 Bb4 9.Qd2 O-O 10.O-O 
Nxe4 11.Qd3 Nxc3 12.bxc3 Be7 13.f4 f5 14.Bf3 Rd8 
15.Qe2 b6 16.Nd4 Bb7 17.Rad1 Na5 18.Rd2 Bxf3 
19.Nxf3 Qxc3 20.Bd4 Qc4 21.Qf2 Qxa2 22.Qg3 g6 
23.h4 Kf7 24.h5 Rdg8 25.Ne5+ Ke8 26.hxg6 Nc6 
27.gxh7 Rxg3 28.h8Q+ Bf8 29.Nxc6 dxc6 30.Qh5+ Kd7 
31.Qf7+ Kc8 32.Bxb6 axb6 33.Qd7+ Kb8 34.Qd8+ Kb7 
35.Rd7+ 1-0

[Event "HCL-A2635"]
[Site "www.playchess.de"]
[Date "2006.03.18"]
[Round "7"]
[White "baggur"]
[Black "victorabiodun03"]
[WhiteElo "1601"]
[BlackElo "1583"]
[PlyCount "46"]
[Result "1/2-1/2"]

1.e4 {hello again}  e6 {no hello just revenge}  
2.d4 {ok!}  d5 {i like your spirit}  3.Nc3 {I like 
your spirit, don´t give up!}  Nf6 4.Bg5 Be7 5.e5 
Nfd7 6.Bxe7 Qxe7 7.f4 a6 8.Nf3 c5 9.Be2 Nc6 10.Qd2 
cxd4 11.Nxd4 Nxd4 12.Qxd4 Qc5 13.O-O-O Qxd4 
14.Rxd4 O-O 15.Bf3 Rd8 16.Re1 Rb8 17.f5 Nf8 
18.fxe6 fxe6 19.Ne2 Bd7 20.Nf4 Rbc8 21.Kd2 g6 
22.Bxd5 exd5 23.e6 Bxe6 {(offering draw)} 
 1/2-1/2

[Event "HCL-A2590"]
[Site "www.playchess.de"]
[Date "2006.03.18"]
[Round "7"]
[White "hal1958"]
[Black "learche"]
[WhiteElo "1421"]
[BlackElo "1453"]
[PlyCount "61"]
[Result "1/2-1/2"]

1.b4 {have a nice game}  d5 {you too}  2.Bb2 e6 
3.e3 Nf6 4.a3 c5 5.b5 b6 6.Nf3 Bd7 7.a4 a6 8.c4 
dxc4 9.Bxc4 axb5 10.axb5 Rxa1 11.Bxa1 Be7 12.O-O 
O-O 13.d4 Ne4 14.Nbd2 Nd6 15.dxc5 Nxc4 16.Nxc4 
Bxb5 17.Qc2 bxc5 18.Rd1 Qc7 19.Be5 Qb7 20.Bd6 Bxd6 
21.Nxd6 Qa6 22.Nxb5 Qxb5 23.Rb1 Qc6 24.Ne5 Qd5 
25.Nd3 Na6 26.Rb6 c4 27.Nf4 Qa5 28.Rb1 c3 29.Ne2 
Rb8 30.Rxb8+ Nxb8 31.Qxc3 {(offering draw)} 
 1/2-1/2

[Event "HCL-A2655"]
[Site "www.playchess.de"]
[Date "2006.03.18"]
[Round "3"]
[White "victorabiodun03"]
[Black "PhilipKaveny"]
[WhiteElo "1573"]
[BlackElo "1334"]
[PlyCount "66"]
[Result "0-1"]

1.f4 c5 2.Nf3 d6 3.e3 g6 4.d4 cxd4 5.exd4 Bg7 
6.Bd3 Nc6 7.c3 Nf6 8.O-O O-O 9.Nbd2 e5 10.Bc2 exd4 
11.Nxd4 Nxd4 12.cxd4 Bg4 13.Nf3 Rc8 14.Bb3 d5 
15.h3 Bxf3 16.Qxf3 Ne4 17.Be3 f5 18.Rac1 Qd6 
19.Rfd1 Kh8 20.Qe2 Rce8 21.Qd3 g5 22.fxg5 f4 
23.Bf2 Nxg5 24.Qb5 f3 25.Qxd5 Qf4 26.h4 Ne4 27.g3 
Nxg3 28.Rc2 Qxh4 29.Bxg3 Qxg3+ 30.Kf1 Qh3+ 31.Kg1 
Qg3+ 32.Kh1 f2 33.Qg2 Re1+ 0-1

[Event "HCL-E1590"]
[Site "www.playchess.de"]
[Date "2006.03.18"]
[Round "5"]
[White "chess50"]
[Black "temple"]
[WhiteElo "2020"]
[BlackElo "1725"]
[PlyCount "31"]
[Result "1-0"]

1.e4 e5 2.f4 d5 3.exd5 e4 4.d3 Qxd5 5.Nc3 Bb4 
6.Bd2 Bxc3 7.Bxc3 f6 8.Qe2 Bf5 9.g4 Bg6 10.Bg2 Ne7 
11.dxe4 Qd7 12.e5 Nbc6 13.exf6 gxf6 14.Rd1 Qc8 
15.Bxc6+ Kf7 16.Bd7 1-0

[Event "HCL-A2576"]
[Site "www.playchess.de"]
[Date "2006.03.19"]
[Round "9"]
[White "Grand73Am"]
[Black "Spotsychess"]
[WhiteElo "1436"]
[BlackElo "1448"]
[PlyCount "63"]
[Result "1-0"]

1.e4 e6 2.d4 b6 3.Bd3 Bb7 4.Nf3 Nf6 5.Bg5 Be7 
6.Nc3 h6 7.Bd2 Bb4 8.O-O Bxc3 9.Bxc3 Bxe4 10.Bc4 
d5 11.Bd3 O-O 12.Ne5 Bxd3 13.cxd3 c5 14.Bd2 cxd4 
15.Ng4 Nxg4 16.Qxg4 Qf6 17.f4 Nc6 18.Rae1 Qg6 
19.Qg3 Qxg3 20.hxg3 Ne7 21.g4 Rac8 22.Rec1 Rfd8 
23.g5 hxg5 24.fxg5 Nf5 25.Kf2 a5 26.Rfh1 Rxc1 
27.Rxc1 g6 28.Bf4 Ne3 29.Kf3 Kg7 30.Be5+ Kf8 
31.Bf6 Rb8 32.Rh1 1-0

[Event "ACL-M084"]
[Site "www.playchess.de"]
[Date "2006.03.19"]
[Round "9"]
[White "michail"]
[Black "ETC_Chess"]
[WhiteElo "1947"]
[BlackElo "1956"]
[PlyCount "29"]
[Result "1-0"]

1.Nf3 d5 {Hello again and good luck!}  2.d4 {Good 
luck}  Nf6 3.c4 dxc4 4.Nc3 a6 5.e4 b5 6.e5 Nd5 
7.a4 Nb4 8.d5 Bb7 9.axb5 axb5 10.Rxa8 Bxa8 11.Nxb5 
Bxd5 12.e6 fxe6 13.Qa4 N8c6 14.Bd2 Bxf3 
15.Bxb4 1-0

[Event "HCL-C4144"]
[Site "www.playchess.de"]
[Date "2006.03.19"]
[Round "8"]
[White "joe19406"]
[Black "DavidFields"]
[WhiteElo "800"]
[BlackElo "1173"]
[PlyCount "30"]
[Result "0-1"]

1.Nh3 d5 {hello from Texas}  2.e3 e5 3.Qf3 {sup 
from pennsylvania, philly}  e4 4.Qf4 Nc6 5.Ng5 f6 
6.Nh3 g5 7.Qg3 Bd6 8.f4 g4 9.Qf2 gxh3 10.gxh3 Be6 
11.Qe2 Qd7 12.Qh5+ Bf7 13.Qg4 O-O-O 14.Rg1 Be6 
15.Qg3 d4 0-1

[Event "HCL-E1536"]
[Site "www.playchess.de"]
[Date "2006.03.19"]
[Round "17"]
[White "pgschumy"]
[Black "PLAYCHESS1963"]
[WhiteElo "1794"]
[BlackElo "1692"]
[PlyCount "61"]
[Result "1/2-1/2"]

1.e4 {Happy New Year, from Bucharest, Romania! GG} 
 c5 {to you too}  2.Nf3 d6 3.d4 cxd4 4.Nxd4 Nf6 
5.Nc3 a6 6.Bd3 e6 7.O-O Be7 8.Kh1 Qc7 9.Be3 O-O 
10.f4 Nbd7 11.Qe2 b5 12.a3 Bb7 13.Bf2 Rac8 14.g4 
Nb6 15.g5 Nfd7 16.Rfg1 Nc4 17.Ndxb5 axb5 18.Nxb5 
Qa5 19.Bxc4 d5 20.b4 Qa8 21.Bb3 dxe4 22.Be3 Rfd8 
23.c4 Nf8 24.Na7 Rc7 25.Rgd1 Rcd7 26.Bc2 Ng6 
27.Rxd7 Rxd7 28.Rf1 Rd3 29.Nb5 Nxf4 30.Rxf4 Bxg5 
31.Kg1 {(offering draw)}  1/2-1/2

[Event "HCL-C4133"]
[Site "www.playchess.de"]
[Date "2006.03.19"]
[Round "9"]
[White "robroyjr"]
[Black "ronan48"]
[WhiteElo "800"]
[BlackElo "879"]
[PlyCount "38"]
[Result "0-1"]

1.d4 d5 2.c4 c6 3.Nf3 dxc4 4.Nc3 Be6 5.e4 Na6 6.a3 
b5 7.a4 b4 8.Ne2 Nf6 9.g3 Nxe4 10.Bg2 b3 11.Ne5 
Bd5 12.O-O Nb4 13.Nf4 f6 14.Qh5+ g6 15.Nfxg6 Bg7 
16.Nxh8+ Kf8 17.Qxh7 Nc2 18.Nhg6+ Ke8 19.Qxg7 
Nxa1 0-1

[Event "HCL-B3867"]
[Site "www.playchess.de"]
[Date "2006.03.19"]
[Round "2"]
[White "unclcarle"]
[Black "Casparov"]
[WhiteElo "1057"]
[BlackElo "1200"]
[PlyCount "64"]
[Result "0-1"]

1.e4 {Greetings from NYC.  Have a great game.}  e5 
2.Nf3 Nc6 3.Bb5 a6 4.Bxc6 dxc6 5.O-O Bg4 6.h3 Bxf3 
7.Qxf3 Qf6 {Hi, I did not notice we could write 
msgs.}  8.Qb3 b6 9.d3 {:)  Hello again.  That is 
one of the things I really like about this chess 
site.}  Bc5 {Hi, I live in Recife, a nice coastal 
city in NE Brazil. What about you?}  10.Nc3 {I 
live in New York City.  A nice coatal city in the 
north eastern Unites States.}  Ne7 {But today I am 
in Rio!}  11.Na4 {THen we are even, because today 
I am in Atlanta, Ga.  :)}  Bd6 12.Qc3 c5 13.Qe1 
O-O 14.c3 b5 15.Nxc5 Bxc5 16.d4 exd4 17.cxd4 Bxd4 
18.Rb1 Ng6 19.Be3 Bxb2 20.Qd2 Bc3 21.Qd7 Rac8 
22.Rbc1 b4 23.Rc2 Ne5 24.Qa4 Qc6 25.Qb3 Qxe4 
26.Bc5 Rfe8 27.f3 Qc4 28.Bxb4 Qxb3 29.axb3 Bxb4 
30.Rd1 f6 31.Rd4 a5 32.Rc5 Bxc5 0-1

[Event "HCL-C4203"]
[Site "www.playchess.de"]
[Date "2006.03.19"]
[Round "5"]
[White "aurelian"]
[Black "Cogito"]
[WhiteElo "800"]
[BlackElo "800"]
[PlyCount "54"]
[Result "0-1"]

1.e4 {hi! good luck!
}  Nc6 2.Nf3 d6 3.h3 e5 4.Bc4 Nh6 5.d3 b6 6.Bxh6 
gxh6 7.O-O Nd4 8.Nxd4 exd4 9.Bd5 Rb8 10.Qf3 Qe7 
11.c3 Qe5 12.Nd2 dxc3 13.Qxf7+ Kd8 14.Nc4 Qd4 
15.bxc3 Qxd3 16.Qf6+ Ke8 17.Bc6+ Bd7 18.Bxd7+ Kxd7 
19.Rad1 Qxc4 20.e5 Qxc3 21.exd6 Qxf6 22.dxc7+ Kxc7 
23.g3 Bd6 24.Rdc1+ Kd7 25.f4 Qd4+ 26.Kg2 Qb2+ 
27.Kh1 Rbc8 0-1

[Event "HCL-E1546"]
[Site "www.playchess.de"]
[Date "2006.03.19"]
[Round "30"]
[White "Eishockeytorwart"]
[Black "Harijs"]
[WhiteElo "1949"]
[BlackElo "1832"]
[PlyCount "120"]
[Result "1/2-1/2"]

1.e4 {welcome from germany}  e5 2.Nf3 Nf6 3.Nxe5 
d6 4.Nf3 Nxe4 5.Be2 Be7 6.O-O O-O 7.d3 Nf6 8.Nc3 
Nc6 9.d4 Bf5 10.d5 Ne5 11.Bf4 Ng6 12.Bg3 Ne4 
13.Nxe4 Bxe4 14.Bd3 Bxd3 15.Qxd3 f5 16.h3 f4 
17.Bh2 Bf6 18.Qb3 Qd7 19.Rfe1 b5 20.Qd3 Rae8 21.c3 
a6 22.Rad1 a5 23.Qd2 Qf5 24.b3 a4 25.bxa4 bxa4 
26.Rxe8 Rxe8 27.c4 Rb8 28.Qe2 a3 29.Ne1 Rb2 
30.Qe8+ Nf8 31.Qa4 Rxa2 32.Qb3 Re2 33.Qxa3 Bd4 
34.Nd3 f3 35.g4 Qe4 36.Bg3 Bf6 37.c5 Qxd5 38.cxd6 
cxd6 39.Qxd6 Qf7 40.Nf4 Be5 41.Qb4 Bxf4 {(offering 
draw)}  42.Bxf4 {i think i have a better position} 
 Re8 {OK}  43.Rd3 Ne6 44.Bg3 Ng5 45.Qb5 h6 46.Kh2 
Rf8 47.Re3 Rd8 48.Qc6 Rf8 49.h4 Nh7 50.Be5 Nf6 
51.Bxf6 Qxf6 52.Qxf6 Rxf6 53.Kg3 g5 54.Rxf3 gxh4+ 
55.Kg2 Rd6 56.Rh3 h5 57.gxh5 Rd4 58.Kf3 Kh7 59.Rh1 
Kh6 60.Rb1 Kxh5 {(offering draw)} 
 1/2-1/2

[Event "HCL-C4135"]
[Site "www.playchess.de"]
[Date "2006.03.19"]
[Round "4"]
[White "JHPJ"]
[Black "Treebeard"]
[WhiteElo "640"]
[BlackElo "1212"]
[PlyCount "30"]
[Result "0-1"]

1.e4 e5 2.Bb5 c6 3.Ba4 Nf6 4.d3 Qa5+ 5.Nc3 Bb4 
6.Bd2 Bxc3 7.Bxc3 Qxa4 8.Nf3 O-O 9.O-O Qb5 10.Bxe5 
d5 11.Bd6 Re8 12.exd5 Qxd5 13.Bf4 Bg4 14.c4 Qc5 
15.h3 Bh5 0-1

[Event "HCL-A2577"]
[Site "www.playchess.de"]
[Date "2006.03.19"]
[Round "4"]
[White "Bauernopfer"]
[Black "Silverov"]
[WhiteElo "1342"]
[BlackElo "1800"]
[PlyCount "35"]
[Result "1-0"]

1.e4 c6 2.d4 d5 3.exd5 cxd5 4.Nf3 Bf5 5.c3 Nc6 
6.Bb5 Qb6 7.Bd3 Bxd3 8.Qxd3 Nf6 9.O-O e6 10.h3 Bd6 
11.Nbd2 O-O 12.Nb3 e5 13.dxe5 Nxe5 14.Nxe5 Bxe5 
15.Be3 Qc7 16.Nd4 Rfe8 17.Nf3 Bf4 
18.Bxf4 1-0

[Event "HCL-C4052"]
[Site "www.playchess.de"]
[Date "2006.03.19"]
[Round "3"]
[White "hughbo"]
[Black "Kiwi_NZ"]
[WhiteElo "800"]
[BlackElo "800"]
[PlyCount "58"]
[Result "0-1"]

1.e4 e5 {Good luck,have fun}  2.Nf3 Nf6 3.Nc3 Nc6 
4.Bc4 Bb4 5.a3 Bxc3 6.bxc3 O-O 7.O-O d6 8.Ng5 h6 
9.Nf3 Nxe4 10.d3 Nf6 11.Rb1 d5 12.Bb3 Be6 13.Qe1 
e4 14.dxe4 Nxe4 15.c4 Nc5 16.Qc3 Nxb3 17.Qxb3 Rb8 
18.Rd1 d4 19.Qd3 Qd7 20.a4 a5 21.h3 Rfd8 22.g4 f5 
23.g5 h5 24.g6 Nb4 25.Qxd4 Nxc2 26.Qh4 Qxd1+ 
27.Kg2 Nd4 28.Qxh5 Qxf3+ 29.Kf1 
Qh1+ 0-1

[Event "HCL-E1598"]
[Site "www.playchess.de"]
[Date "2006.03.19"]
[Round "9"]
[White "Josef"]
[Black "gadnoto"]
[WhiteElo "1609"]
[BlackElo "1864"]
[PlyCount "66"]
[Result "0-1"]

1.d4 d5 2.c4 dxc4 3.Nf3 b5 4.a4 c6 5.e4 e6 6.axb5 
cxb5 7.Nc3 Bb4 8.Bf4 a5 9.Be2 Nf6 10.Bg5 Bb7 11.e5 
h6 12.exf6 hxg5 13.fxg7 Rg8 14.O-O Bxc3 15.bxc3 g4 
16.Ne5 Qd5 17.f3 Rxg7 18.Rf2 g3 19.hxg3 Nd7 
20.Nxd7 Kxd7 21.g4 Rh7 22.Qb1 Rah8 23.Rf1 a4 
24.Qb4 Bc6 25.Qa5 Qd6 26.Kf2 R7h2 27.Rfg1 R8h3 
28.Ke3 Rg3 29.Qa7+ Ke8 30.Rab1 Rgxg2 31.Rxg2 Rxg2 
32.Bxc4 Qg3 33.Bxb5 Qxf3+ 0-1

[Event "HCL-B3885"]
[Site "www.playchess.de"]
[Date "2006.03.19"]
[Round "20"]
[White "ama49"]
[Black "RUDI"]
[WhiteElo "1082"]
[BlackElo "1277"]
[PlyCount "48"]
[Result "0-1"]

1.e4 {hello again}  e5 {nice to meet you again, 
hello!}  2.Nf3 Nc6 3.d4 exd4 4.Nxd4 Nxd4 5.Qxd4 d6 
6.Nc3 Be6 7.Bc4 Bxc4 8.b3 Be6 9.O-O Nf6 10.Bg5 Be7 
11.Rad1 Nd7 12.Bxe7 Qxe7 13.Rfe1 O-O 14.Nd5 Bxd5 
15.Qxd5 b6 16.Qb7 Ne5 17.Rxd6 Qxd6 18.Qd5 Qxd5 
19.exd5 f6 20.c4 Rae8 21.Kf1 g5 22.g3 Nf3 23.Rxe8 
Rxe8 24.Kg2 Nd4 0-1

[Event "HCL-E1598"]
[Site "www.playchess.de"]
[Date "2006.03.19"]
[Round "10"]
[White "Horst"]
[Black "Josef"]
[WhiteElo "2100"]
[BlackElo "1609"]
[PlyCount "53"]
[Result "1/2-1/2"]

1.e4 e6 2.d3 d5 3.Nd2 dxe4 4.dxe4 Nf6 5.Ngf3 Bc5 
6.Bd3 Nc6 7.O-O O-O 8.Nb3 Bb6 9.e5 Nd5 10.a3 h6 
11.c4 Nde7 12.Qe2 a5 13.Qe4 Ng6 14.Bf4 a4 15.Nbd2 
Nd4 16.Be3 Nxf3+ 17.Nxf3 Bxe3 18.Qxe3 Bd7 19.Rad1 
Qe7 20.Be4 Rab8 21.Rd2 Rfd8 22.Rfd1 b6 23.h3 Be8 
24.R2xd8 Rxd8 25.Rxd8 Qxd8 26.Bxg6 fxg6 27.Nd4 
{(offering draw)}  1/2-1/2

[Event "HCL-M847"]
[Site "www.playchess.de"]
[Date "2006.03.19"]
[Round "19"]
[White "Lan"]
[Black "NOHAU"]
[WhiteElo "2038"]
[BlackElo "2179"]
[PlyCount "23"]
[Result "1-0"]

1.e4 {hi from Slovenia and good luck:)}  Nf6 {Hey 
again}  2.e5 {hi:)}  Nd5 3.d4 d6 4.c4 Nb6 5.f4 
dxe5 6.fxe5 Nc6 7.Be3 Bf5 8.Nc3 e6 9.Nf3 Bg4 
10.Be2 Bxf3 11.gxf3 Qh4+ 12.Bf2 1-0

[Event "HCL-T266"]
[Site "www.playchess.de"]
[Date "2006.03.19"]
[Round "29"]
[White "richard"]
[Black "stevetilbury"]
[WhiteElo "1897"]
[BlackElo "1610"]
[PlyCount "35"]
[Result "1-0"]

1.e4 e6 2.d4 d5 3.Nc3 Bb4 4.e5 c5 5.a3 Bxc3+ 
6.bxc3 Ne7 7.Qg4 Qc7 8.Bd3 cxd4 9.Ne2 dxc3 10.Qxg7 
Rg8 11.Qxh7 Qxe5 12.h4 Qd6 13.Bg5 Nbc6 14.Rh3 Bd7 
15.Rf3 f5 16.Bb5 Qh2 17.Rh3 Qd6 
18.Bxc6 1-0

[Event "HCL-C4137"]
[Site "www.playchess.de"]
[Date "2006.03.19"]
[Round "5"]
[White "Impala"]
[Black "foxcar"]
[WhiteElo "800"]
[BlackElo "1227"]
[PlyCount "32"]
[Result "0-1"]

1.e4 e5 2.Nf3 Nc6 3.Nc3 Bc5 4.g3 Nf6 5.d3 Ng4 
6.Bg5 Bxf2+ 7.Ke2 f6 8.Bd2 d6 9.Bh3 Bc5 10.Nd5 f5 
11.exf5 Bxf5 12.Bg5 Qc8 13.Ne7 Nxe7 14.Bxe7 Kxe7 
15.a4 Ne3 16.Qc1 Bxh3 0-1

[Event "HCL-M893"]
[Site "www.playchess.de"]
[Date "2006.03.19"]
[Round "10"]
[White "sheep"]
[Black "chessnuts"]
[WhiteElo "1778"]
[BlackElo "1970"]
[PlyCount "62"]
[Result "1/2-1/2"]

1.e4 {Nice to meet you again!}  c5 {Hope we have a 
challenging game}  2.Nf3 Nc6 3.d4 cxd4 4.Nxd4 d6 
5.Nc3 Nf6 6.Bg5 e6 7.f4 h6 8.Bh4 Be7 9.Bf2 O-O 
10.Bb5 Bd7 11.O-O a6 12.Be2 Qc7 13.Qd2 Rac8 14.Kh1 
d5 15.e5 Ne4 16.Nxe4 dxe4 17.c3 Rfd8 18.Nb3 Na5 
19.Qe3 Nxb3 20.axb3 Bc6 21.Rfd1 Bd5 22.c4 Bc6 
23.c5 Rd5 24.b4 f6 25.Bc4 fxe5 26.Bxd5 exd5 
27.fxe5 Qxe5 28.Qh3 Rf8 29.Bd4 Qf5 30.Qc3 Bf6 
31.Rdf1 Qe6 {(offering draw)}  1/2-1/2

[Event "HCL-C4165"]
[Site "www.playchess.de"]
[Date "2006.03.19"]
[Round "1"]
[White "Doris"]
[Black "daveboy6968"]
[WhiteElo "545"]
[BlackElo "940"]
[PlyCount "96"]
[Result "0-1"]

1.Nf3 d5 {hi very best of luck to you :-)}  2.d4 
{need all the luck I can get....  :)}  Nc6 {don't 
we all :-) have fun :-) its easier :-)}  3.e3 Bg4 
4.Be2 f6 5.O-O Bxf3 6.Bxf3 e6 7.a3 b5 8.Bd2 Bd6 
9.g3 Nge7 10.c3 Na5 11.b4 Nc4 12.Bc1 O-O 13.Qc2 f5 
14.Kh1 a5 15.bxa5 Nxa5 16.Rg1 Rb8 17.Bb2 Nc4 
18.Bc1 Ng6 19.Bh5 Qe8 20.Qd1 c6 21.Nd2 Nxd2 
22.Bxd2 Ra8 23.Bc1 c5 24.Bd2 c4 25.Bc1 Rf6 26.Bb2 
Qb8 27.Rb1 Ne7 28.Rg2 Bxa3 29.f4 g6 30.Bf3 Qb7 
31.Qc1 Bxb2 32.Rbxb2 Nc6 33.h4 h5 34.Rg1 Na5 
35.Qb1 Nb3 36.Kh2 Ra3 37.Rgg2 Ra1 38.Qc2 Qa6 
39.Qe2 Rc1 40.g4 fxg4 41.Qf2 Qa1 42.Kg3 Rf1 
43.Bxg4 Rxf2 44.Rbxf2 Qe1 45.Bf3 Qxe3 46.Rfe2 
Qxf4+ 47.Kh3 Qxf3+ 48.Rg3 Qxe2 0-1

[Event "HCL-E1586"]
[Site "www.playchess.de"]
[Date "2006.03.19"]
[Round "2"]
[White "Chas"]
[Black "gadnoto"]
[WhiteElo "1526"]
[BlackElo "1858"]
[PlyCount "114"]
[Result "0-1"]

1.e4 e5 2.Nf3 Nc6 3.Bb5 a6 4.Ba4 Bc5 5.O-O b5 
6.Bb3 Nf6 7.d3 h6 8.Nxe5 Nxe5 9.d4 Qe7 10.dxc5 
Qxc5 11.Be3 Qc6 12.Nc3 Nc4 13.Re1 O-O 14.f3 Nxb2 
15.Qd4 Nc4 16.e5 Ne8 17.Nd5 Qe6 18.f4 Bb7 19.Nc3 
Qg4 20.Ne4 d5 21.Nf2 Qg6 22.c3 c5 23.Qd3 Nxe3 
24.Qxg6 fxg6 25.Rxe3 c4 26.Bc2 Rxf4 27.Bxg6 d4 
28.cxd4 Rxd4 29.e6 b4 30.Rb1 a5 31.Bf7+ Kf8 32.Rf1 
Ke7 33.Nh3 c3 34.Bg6 Nf6 35.Nf4 Ba6 36.Bd3 Bxd3 
37.Nxd3 Rad8 38.Nc1 Re4 39.Rxe4 Nxe4 40.Re1 c2 
41.Nb3 Rd1 42.Kf1 Nd2+ 43.Ke2 Rxe1+ 44.Kxd2 a4 
45.Nc1 Rxc1 46.Kxc1 b3 47.a3 Kxe6 48.Kd2 Ke5 
49.Kc1 Kf4 50.Kd2 g5 51.g3+ Kg4 52.h4 Kxg3 53.hxg5 
hxg5 54.Kc1 Kf2 55.Kd2 g4 56.Kc1 Ke2 57.Kb2 
Kd2 0-1